Teoría y práctica de la lubricación / (Record no. 65901)

MARC details
000 -LEADER
campo de control de longitud fija 00704nam a2200217 i 4500
001 - NÚMERO DE CONTROL
campo de control 65901
003 - IDENTIFICADOR DE NÚMERO DE CONTROL
campo de control ES-MaACL
005 - FECHA Y HORA DE LA ÚLTIMA TRANSACCIÓN
campo de control 20230906165510.0
007 - CAMPO FIJO DE DESCRIPCIÓN FÍSICA--INFORMACIÓN GENERAL
campo de control de longitud fija t|
008 - DATOS DE LONGITUD FIJA--INFORMACIÓN GENERAL
campo de control de longitud fija 040123s1961 sp ||||1| spa d
080 ## - NÚMERO DE LA CLASIFICACIÓN DECIMAL UNIVERSAL
Número de la Clasificación Decimal Universal 621.89
100 1# - ENTRADA PRINCIPAL--NOMBRE DE PERSONA
Nombre de persona Fuller, Dudley D.
9 (RLIN) 53002
245 10 - MENCIÓN DEL TÍTULO
Título Teoría y práctica de la lubricación /
Mención de responsabilidad, etc. por Dudley D. Fuller ; traducción de Aurelio Cabra Fernández, Juan Luis Pérez Puga.
250 ## - MENCION DE EDICION
Mención de edición [1ª ed.].
260 ## - PUBLICACIÓN, DISTRIBUCIÓN, ETC.
Lugar de publicación, distribución, etc. Madrid :
Nombre del editor, distribuidor, etc. Interciencia,
Fecha de publicación, distribución, etc. [1961]
300 ## - DESCRIPCIÓN FÍSICA
Extensión XIV, 544 p. :
Otras características físicas il. ;
Dimensiones 22 cm.
650 #4 - PUNTO DE ACCESO ADICIONAL DE MATERIA--TÉRMINO DE MATERIA
Término de materia o nombre geográfico como elemento de entrada Lubricación.
9 (RLIN) 143592
700 1# - ENTRADA AGREGADA--NOMBRE PERSONAL
Nombre de persona Cabra Fernández, Aurelio.
9 (RLIN) 33248
700 1# - ENTRADA AGREGADA--NOMBRE PERSONAL
Nombre de persona Pérez Puga, Juan Luis.
9 (RLIN) 91098
852 ## - LOCALIZACIÓN
Ubicación ES-MaACL
Número de control de estantería C-29700
Sublocalización o colección R.60054
Holdings
Estatus retirado Estado de pérdida Estado de daño No para préstamo Biblioteca de origen Biblioteca actual Ubicación en estantería Fecha de adquisición Fuente de adquisición Total de préstamos Signatura topográfica completa Código de barras Visto por última vez Precio de reemplazo Tipo de ítem Koha
        Biblioteca del Ateneo de Madrid Biblioteca del Ateneo de Madrid Depósito 2 17/01/2008     C-29700 1069040 23/02/2023 23/02/2023 Libro impreso